Bezirke und Statutarstädte Österreichs nach Grenzen in 60s - Statistiken

Allgemein
  • Dieses Quiz wurde 120 mal gespielt
  • Das Durchschnittsergebnis liegt bei 75 aus 94
Antworten auf der Karte
Die Antworten werden auf der Karte rot bzw. grün angezeigt, abhängig davon wie oft sie richtig erraten wurden.
 
Antwortstatistiken
Bundesland Grenzen Bezirk % Korrekt
Niederösterreich Baden | Eisenstadt-Umgebung | Gänserndorf | Mödling | Neusiedl am See | Wien Bruck an der Leitha
98%
Burgenland Baden | Bruck an der Leitha | Eisenstadt | Mattersburg | Neusiedl am See | Rust | Wiener Neustadt-Land Eisenstadt-Umgebung
98%
Oberösterreich Gmunden | Liezen | Linz-Land | Steyr-Land | Wels-Land Kirchdorf an der Krems
96%
Niederösterreich Baden | Krems an der Donau | Krems-Land | Lilienfeld | Melk | Mödling | Scheibbs | St. Pölten | Tulln an der Donau | Wien St. Pölten-Land
96%
Niederösterreich Hollabrunn | Korneuburg | Krems-Land | St. Pölten-Land | Wien Tulln an der Donau
96%
Wien Bruck an der Leitha | Gänserndorf | Korneuburg | Mödling | St. Pölten-Land | Tulln an der Donau Wien
96%
Niederösterreich Liezen | Linz-Land | Melk | Perg | Scheibbs | Steyr | Steyr-Land | Waidhofen an der Ybbs Amstetten
95%
Steiermark Graz-Umgebung | Liezen | Lilienfeld | Leoben | Neunkirchen | Scheibbs Bruck-Mürzzuschlag
95%
Oberösterreich Hallein | Kirchdorf an der Krems | Liezen | Salzburg-Umgebung | St. Johann im Pongau | Vöcklabruck | Wels-Land Gmunden
95%
Niederösterreich Gänserndorf | Hollabrunn | Mistelbach | Tulln an der Donau | Wien Korneuburg
95%
Steiermark Bruck-Mürzzuschlag | Graz-Umgebung | Liezen | Murtal Leoben
95%
Oberösterreich Amstetten | Eferding | Kirchdorf an der Krems | Linz | Perg | Steyr-Land | Urfahr-Umgebung | Wels-Land Linz-Land
95%
Niederösterreich Baden | Bruck an der Leitha | St. Pölten-Land | Wien Mödling
95%
Oberösterreich Amstetten | Freistadt | Linz | Linz-Land | Melk | Urfahr-Umgebung | Zwettl Perg
95%
Kärnten Feldkirchen | Hermagor | Lienz | Murau | St. Johann im Pongau | Tamsweg | Villach-Land | Zell am See Spittal an der Drau
95%
Oberösterreich Amstetten | Kirchdorf an der Krems | Liezen | Linz-Land | Steyr Steyr-Land
95%
Oberösterreich Eferding | Gmunden | Grieskirchen | Kirchdorf an der Krems | Linz-Land | Vöcklabruck | Wels Wels-Land
95%
Oberösterreich Grieskirchen | Linz-Land | Rohrbach | Urfahr-Umgebung | Wels-Land Eferding
93%
Niederösterreich Bruck an der Leitha | Korneuburg | Mistelbach | Wien Gänserndorf
93%
Steiermark Graz-Umgebung | Leoben | Liezen | St. Veit an der Glan | Voitsberg | Wolfsberg Murtal
93%
Oberösterreich Braunau am Inn | Gmunden | Grieskirchen | Ried im Innkreis | Salzburg-Umgebung | Wels-Land Vöcklabruck
93%
Salzburg Kitzbühel | Lienz | Schwaz | Spittal an der Drau | St. Johann im Pongau Zell am See
93%
Kärnten Klagenfurt am Wörthersee | Klagenfurt-Land | Murau | Spittal an der Drau | St. Veit an der Glan | Villach | Villach-Land Feldkirchen
91%
Tirol Innsbruck-Land | Kitzbühel | Kufstein | Zell am See Schwaz
91%
Kärnten Feldkirchen | Hermagor | Klagenfurt-Land | Spittal an der Drau | Villach Villach-Land
91%
Tirol Innsbruck-Land | Landeck | Reutte Imst
89%
Tirol Imst | Innsbruck | Schwaz Innsbruck-Land
89%
Oberösterreich Linz-Land | Perg | Urfahr-Umgebung Linz
89%
Niederösterreich Amstetten | Bruck-Mürzzuschlag | Liezen | Lilienfeld | Melk | St. Pölten-Land | Waidhofen an der Ybbs Scheibbs
89%
Oberösterreich Eferding | Freistadt | Linz | Linz-Land | Perg | Rohrbach Urfahr-Umgebung
89%
Vorarlberg Bregenz | Feldkirch | Landeck | Reutte Bludenz
88%
Vorarlberg Bludenz | Dornbirn | Feldkirch | Reutte Bregenz
88%
Steiermark Bruck-Mürzzuschlag | Deutschlandsberg | Leibnitz | Leoben | Murtal | Südoststeiermark | Voitsberg | Weiz Graz-Umgebung
88%
Tirol Innsbruck-Land Innsbruck
88%
Kärnten Feldkirchen | Klagenfurt am Wörthersee | St. Veit an der Glan | Villach-Land | Völkermarkt Klagenfurt-Land
88%
Tirol Hermagor | Spittal an der Drau | Zell am See Lienz
88%
Steiermark Amstetten | Bruck-Mürzzuschlag | Gmunden | Kirchdorf an der Krems | Leoben | Murau | Murtal | Scheibbs | Steyr-Land | St. Johann im Pongau | Tamsweg Liezen
88%
Kärnten Feldkirchen | Klagenfurt am Wörthersee | Klagenfurt-Land | Murau | Murtal | Völkermarkt | Wolfsberg St. Veit an der Glan
88%
Steiermark Bruck-Mürzzuschlag | Graz-Umgebung | Hartberg-Fürstenfeld | Neunkirchen | Südoststeiermark Weiz
88%
Steiermark Graz-Umgebung | Leibnitz | Voitsberg | Wolfsberg Deutschlandsberg
86%
Vorarlberg Bludenz | Bregenz | Dornbirn Feldkirch
86%
Salzburg Gmunden | Hallein | Liezen | Spittal an der Drau | Tamsweg | Zell am See St. Johann im Pongau
86%
Steiermark Graz-Umgebung | Hartberg-Fürstenfeld | Jennersdorf | Leibnitz | Weiz Südoststeiermark
86%
Steiermark Deutschlandsberg | Graz-Umgebung | Murtal | Wolfsberg Voitsberg
86%
Oberösterreich Ried im Innkreis | Salzburg-Umgebung | Vöcklabruck Braunau am Inn
84%
Kärnten Lienz | Spittal an der Drau | Villach-Land Hermagor
84%
Steiermark Deutschlandsberg | Graz-Umgebung | Südoststeiermark Leibnitz
84%
Tirol Bludenz | Bregenz | Imst | Landeck Reutte
84%
Salzburg Braunau am Inn | Gmunden | Hallein | Salzburg | Vöcklabruck Salzburg-Umgebung
84%
Kärnten Klagenfurt-Land | St. Veit an der Glan | Wolfsberg Völkermarkt
84%
Vorarlberg Bregenz | Feldkirch Dornbirn
82%
Niederösterreich Hollabrunn | Horn | Krems an der Donau | Melk | St. Pölten-Land | Tulln an der Donau | Zwettl Krems-Land
82%
Niederösterreich Baden | Eisenstadt-Umgebung | Hartberg-Fürstenfeld | Lilienfeld | Mattersburg | Neunkirchen | Oberpullendorf | Oberwart | Wiener Neustadt Wiener Neustadt-Land
82%
Salzburg Gmunden | Salzburg-Umgebung | St. Johann im Pongau Hallein
81%
Tirol Kufstein | Schwaz | Zell am See Kitzbühel
81%
Niederösterreich Amstetten | Krems-Land | Perg | Scheibbs | St. Pölten-Land | Zwettl Melk
81%
Niederösterreich Bruck an der Leitha | Eisenstadt-Umgebung | Lilienfeld | Mödling | St. Pölten-Land | Wiener Neustadt-Land Baden
79%
Steiermark Graz-Umgebung Graz
79%
Oberösterreich Eferding | Ried im Innkreis | Rohrbach | Schärding | Vöcklabruck | Wels-Land Grieskirchen
79%
Kärnten Feldkirchen | Klagenfurt-Land | St. Veit an der Glan Klagenfurt am Wörthersee
79%
Steiermark Feldkirchen | Liezen | Murtal | Spittal an der Drau | St. Veit an der Glan | Tamsweg Murau
79%
Salzburg Liezen | Murau | Spittal an der Drau | St. Johann im Pongau Tamsweg
79%
Salzburg Salzburg-Umgebung Salzburg
77%
Niederösterreich Baden | Bruck-Mürzzuschlag | Neunkirchen | Scheibbs | St. Pölten-Land | Wiener Neustadt-Land Lilienfeld
75%
Burgenland Eisenstadt-Umgebung | Oberpullendorf | Wiener Neustadt | Wiener Neustadt-Land Mattersburg
75%
Burgenland Bruck an der Leitha | Eisenstadt-Umgebung | Rust Neusiedl am See
75%
Tirol Kitzbühel | Schwaz Kufstein
72%
Tirol Bludenz | Imst | Reutte Landeck
72%
Burgenland Eisenstadt-Umgebung | Neusiedl am See Rust
72%
Niederösterreich Freistadt | Gmünd | Horn | Krems-Land | Melk | Perg | Waidhofen an der Thaya Zwettl
72%
Kärnten Feldkirchen | Villach-Land Villach
68%
Oberösterreich Wels-Land Wels
68%
Niederösterreich Hollabrunn | Krems-Land | Waidhofen an der Thaya | Zwettl Horn
67%
Steiermark Güssing | Jennersdorf | Neunkirchen | Oberwart | Südoststeiermark | Weiz | Wiener Neustadt-Land Hartberg-Fürstenfeld
65%
Burgenland Mattersburg | Oberwart | Wiener Neustadt-Land Oberpullendorf
65%
Niederösterreich Gmünd | Horn | Zwettl Waidhofen an der Thaya
65%
Burgenland Eisenstadt-Umgebung Eisenstadt
63%
Oberösterreich Gmünd | Perg | Urfahr-Umgebung | Zwettl Freistadt
63%
Niederösterreich Krems-Land | St. Pölten-Land Krems an der Donau
63%
Oberösterreich Braunau am Inn | Grieskirchen | Rohrbach | Vöcklabruck Ried im Innkreis
63%
Niederösterreich Freistadt | Waidhofen an der Thaya | Zwettl Gmünd
60%
Niederösterreich Horn | Korneuburg | Krems-Land | Mistelbach | Tulln an der Donau Hollabrunn
60%
Burgenland Güssing | Hartberg-Fürstenfeld | Oberpullendorf | Wiener Neustadt-Land Oberwart
60%
Oberösterreich Eferding | Grieskirchen | Schärding | Urfahr-Umgebung Rohrbach
60%
Oberösterreich Grieskirchen | Ried im Innkreis | Rohrbach Schärding
60%
Niederösterreich Mattersburg | Neunkirchen | Wiener Neustadt-Land Wiener Neustadt
56%
Kärnten Deutschlandsberg | Murtal | St. Veit an der Glan | Voitsberg | Völkermarkt Wolfsberg
56%
Niederösterreich Bruck-Mürzzuschlag | Hartberg-Fürstenfeld | Lilienfeld | Weiz | Wiener Neustadt | Wiener Neustadt-Land Neunkirchen
54%
Niederösterreich St. Pölten-Land St. Pölten
54%
Niederösterreich Amstetten | Scheibbs | Steyr-Land Waidhofen an der Ybbs
54%
Burgenland Hartberg-Fürstenfeld | Jennersdorf | Oberwart Güssing
51%
Oberösterreich Amstetten | Steyr-Land Steyr
51%
Burgenland Güssing | Hartberg-Fürstenfeld | Südoststeiermark Jennersdorf
44%
Niederösterreich Gänserndorf | Hollabrunn | Korneuburg Mistelbach
44%
Keine übereinstimmenden Quizze gefunden
Verteilung der Resultate
Anzahl Personen mit jedem Resultat
Perzentil nach korrekt beantworteten Fragen
Ihre Resultats-Entwicklung
Sie haben dieses Quiz noch nicht gespielt